Pick an Egg Dish Quiz Stats

 Plays Quiz Updated Mar 21, 2019

Score 0/16 Timer 05:00
4 Plays Today
% Correct
French toast
92.2%
Crepe Suzette
91.1%
Quiche Lorraine
90.5%
Deviled eggs
89.3%
Scotch egg
86.9%
Cheese souffle
84.1%
Egg and soldiers
80.2%
Eggs Benedict
78.8%
% Correct
Eggs Florentine
74.1%
Croque madame
64.2%
Bauernfrühstück
62.3%
Century egg
56.7%
Loco moco
55.2%
Shakshuka
52.2%
Tamagoyaki
49.1%
Arroz a la cubana
38.1%

You're not logged in!

Compare scores with friends on all Sporcle quizzes.
OR
Log In

Sporcle TV

Today on Sporcle TV


Watch our educational content, quiz creation guides, and fun videos on Sporcle TV.

Show Comments

Extras

Top Quizzes Today


Score Distribution

Your Account Isn't Verified!

In order to create a playlist on Sporcle, you need to verify the email address you used during registration. Go to your Sporcle Settings to finish the process.

Report this User

Report this user for behavior that violates our Community Guidelines.

Details: